LEADER 01217nam a2200277 u 4500 001 000000041287 003 CaOOAMICUS 005 20070226114210.0 008 981201s1948 it cf u000 u ita u 035 $a10809498 040 $aBAV$bita$dPUL(R) 100 1 $aPicard, Max,$d1888-$0(OLS)http://pul/name/728 240 10$aFlucht vor Gott.$lItaliano.$0(OLS)http://pul/title/55723 245 13$aLa fuga davanti a Dio /$cMax Picard ; prefazione di Romano Amerio ; traduzione di Carla Di Scipio. 260 $aMilano :$bEdizioni di Comunità,$c1948. 300 $axiv, 178 p., [1] c. di tav. :$bant. (ritr.) ;$c23 cm 700 1 $aAmerio, Romano.$0(OLS)http://pul/name/30401 700 1 $aDi Scipio, Carla.$0(OLS)http://pul/name/729 850 $aPUL 852 $aPUL$W1$xDP2 Religione 1$y63$m64 G 41$j55971$nBK-PRI$qStampati$B55971$CPULBib$Z2$F55971 $82 852 $aPUL$W1$xDP1 Fondo Cecchetti$y53$m283 I 10$j55972$nBK-PRI$b $qFondi$B55972$CPULBib$Z2$F55972 $HPUL8102 $81 941 1 $a8 941 1 $a1 961 $aINV: 14144 996 $6245$aLa fuga davanti a Dio$9(OLS)http://pul/title/55724 996 $6260$aMilano :$bEdizioni di Comunità$9(OLS)http://pul/publisher/48252 LEADER 01078naa a2200241 u 4500 001 000000096750 003 CaOOAMICUS 005 20070226130147.0 008 041210s1981 it u000 u fre u 020 $a2728300267 035 $a11018661 040 $aIAR$bita 100 1 $aViolette, Patrick.$0(OLS)http://pul/name/61599 245 13$aLa décoration de l'église de Saint-Nicolas-des-Lorrains /$cPatrick Violette. 260 $aRome :$bAcadémie de France :$bEcole française de Rome,$c1981. 300 $aS. 487-539 ;$c25 cm 610 24$aSan Nicola dei Lorenesi (chiesa : Roma).$0(OLS)http://pul/subject/30536 773 0 $aLes fondations nationales dans la Rome pontificale. 773 0 $tCollection de l'Ecole française de Rome$g52 773 0 $tLes Fondations nationales dans la Rome pontificale$w()907 996 $6020$a2728300267$9(OLS)http://pul/number/1218 996 $6245$aLa décoration de l'église de Saint-Nicolas-des-Lorrains$9(OLS)http://pul/title/123632 996 $6260$aRome :$bAcadémie de France :$bEcole française de Rome$9(OLS)http://pul/publisher/48415